000 01069cad a22002175a 4500
001 L152534
008 110325e20110317 d f s i000 0 eng d
035 _a(Sirsi) u152534
041 0 _aeng
110 2 _aEurostat
_91416
245 0 0 _aConstruction output up by 1.8% in euro area
_h[electronic resource]
260 _c2011
490 0 _aEurostat News Release
_v(43/2011) 17 March 2011
520 _aIn the construction sector, seasonally adjusted production rose by 1.8% in the euro area (EA17) and by 1.0% in the EU27 in January 2011, compared with the previous month. In December 2010, production fell by 2.0% and 3.5% respectively. Compared with January 2010, output in January 2011 dropped by 4.5% in the euro area and by 1.2% in the EU27.
590 _aKA
650 2 4 _aEUROSTAT MONTHLY CONSTRUCTION INDEX
651 4 _aEurope
690 _aBUILT ENVIRONMENT-CONSTRUCTION MARKET
856 4 0 _uhttps://epp.eurostat.ec.europa.eu/cache/ITY_PUBLIC/4-17032011-AP/EN/4-17032011-AP-EN.PDF
_zView the item free of charge at epp.eurostat.ec.europa.eu
942 _n0
999 _c82993
_d82993